NPB 日本プロ野球 シーズン防御率1点台達成者 (1980年以降) - Statistics

General Stats
  • This quiz has been taken 763 times
    189 since last reset
  • The average score is 27 of 41
Answer Stats
氏名 % Correct
2019, 2021, 2022, 2023 山本由伸
97%
2011, 2012, 2013 田中将大
96%
2015, 2017, 2020, 2024 菅野智之
92%
2024, 2025 リバン・モイネロ
92%
2023 村上頌樹
87%
2023 東克樹
87%
2024, 2025 才木浩人
87%
2025 今井達也
87%
2024 髙橋宏斗
86%
2020 大野雄大
84%
2007, 2008, 2009, 2010, 2011 ダルビッシュ有
83%
2024 戸郷翔征
82%
2024 大瀬良大地
80%
2025 アンソニー・ケイ
80%
1988, 1989 大野豊
74%
2022 千賀滉大
72%
2025 大関友久
72%
2012 前田健太
71%
1982 高橋里志
70%
2014 金子千尋
70%
2008 岩隈久志
68%
2020 森下暢仁
67%
2025 北山亘基
64%
2017 菊池雄星
63%
1989 斎藤雅樹
62%
2011 和田毅
62%
2011 杉内俊哉
62%
2006 黒田博樹
61%
2006 斉藤和巳
61%
2015 クリス・ジョンソン
58%
2007 成瀬善久
50%
2011 吉見一起
50%
2011, 2012 内海哲也
50%
2012 攝津正
47%
2015 マイルズ・マイコラス
46%
2012 吉川光夫
44%
2012 野村祐輔
43%
2009 チェン・ウェイン
39%
1989 槙原寛己
34%
1992 石井丈裕
27%
1992 赤堀元之
12%
No matching quizzes found
Score Distribution
Percent of People with Each Score
Percentile by Number Answered
Your Score History
You have not taken this quiz since the last reset